Hiszpanie w Premier League - Statystyki

Ogólne statystyki
  • Ten quiz został rozwiązany 46 razy
    31 od ostatniego zresetowania
  • Średni wynik to 7 z 15
Answers on the Grid
Answers color-coded by a green-red scale on the quiz's grid according to % correct below.
Thiago Alcántara
Javi Martínez
Cesc Fàbregas
Mikel Arteta
Adama Traoré
Daniel Carvajal
David Silva
Fernando Hierro
Xavi
Andrés Iniesta
Raúl
Xabi Alonso
Gaizka Mendieta
Koke
Isco
Fernando Morientes
Sergio Busquets
Álvaro Morata
Dani Olmo
Míchel Salgado
Álvaro Negredo
Jesús Navas
Dani Parejo
Santiago Cañizares
Gerard Piqué
Raúl Albiol
Joaquín
Fernando Torres
Fabián Ruiz
Borja Iglesias
 
Statystyki odpowiedzi
Odpowiedź % Poprawnych
Adama Traoré
86%
Cesc Fàbregas
86%
Thiago Alcántara
86%
David Silva
67%
Mikel Arteta
62%
Fernando Torres
57%
Xabi Alonso
52%
Álvaro Morata
48%
Gerard Piqué
48%
Álvaro Negredo
43%
Jesús Navas
43%
Míchel Salgado
24%
Fernando Morientes
19%
Gaizka Mendieta
19%
Fernando Hierro
10%
Nie znaleziono quizów pasujących do podanych kryteriów
Rozkład punktacji
Procent ludzi z każdym wynikiem
Percentyl według liczby udzielonych odpowiedzi
Twoja historia wyników
Nie rozwiązałeś tego quizu od ostatniego zresetowania